Význam starobních důchodů při zabezpečení potřeb seniorů v závislosti na míře jejich soběstačnosti v ČR

Teoretické prístupy k chápaniu starobného dôchodku z hľadiska zabezpečenia potrieb seniorov. Staroba ako sociálna udalosť. Základné makroekonomické charakteristiky. Štruktúra spotreby domácnosti dôchodcov.

Guardado en:
Detalles Bibliográficos
Autor principal: Průša, Ladislav
Formato: Capítulo de libro
Lenguaje:checo
Materias:
Etiquetas: Agregar Etiqueta
Sin Etiquetas, Sea el primero en etiquetar este registro!

MARC

LEADER 00000naa a2200000 4500
001 0207409
005 20230918095913.9
041 0 |a cze 
044 |a SK 
245 1 0 |a Význam starobních důchodů při zabezpečení potřeb seniorů v závislosti na míře jejich soběstačnosti v ČR  |c Ladislav Průša 
520 |a Teoretické prístupy k chápaniu starobného dôchodku z hľadiska zabezpečenia potrieb seniorov. Staroba ako sociálna udalosť. Základné makroekonomické charakteristiky. Štruktúra spotreby domácnosti dôchodcov. 
610 2 0 |a dôchodky starobné 
610 2 0 |a spotreba domácností 
610 2 0 |a dôchodcovia 
610 2 0 |a Česko 
610 2 0 |a politika dôchodková 
610 2 0 |a politika sociálna 
610 2 0 |a sporenie dôchodkové 
100 1 |a Průša, Ladislav